| 000 | 02450nam a2200613 i 4500 | ||
|---|---|---|---|
| 001 | 38334 | ||
| 003 | KOSZ 005 | ||
| 005 | 20190830111715.0 | ||
| 008 | 980923s1997 pl a f |000 0 pol | ||
| 015 | _aPB 1998/15589 | ||
| 035 | _a991005544609705066 | ||
| 035 | _a(PL-WaBN)b11448945-48omnis_nlop | ||
| 035 | _ab11448945 | ||
| 035 | _a(OCoLC)169934140 | ||
| 035 | _a(PL)b0000001144894 | ||
| 035 | _a(EXLNZ-48OMNIS_NETWORK)9910014713105606 | ||
| 040 |
_aWA N _cWA N _dKOSZ 005/HR |
||
| 041 | 0 |
_apol _beng |
|
| 046 | _k1997 | ||
| 080 | _a628.3.034.2 | ||
| 080 | _a504.5(438) | ||
| 080 | _a556.5 | ||
| 080 | _a546.3/.9 | ||
| 100 | 1 |
_aWójcik, Włodzimierz _c(inżynieria środowiska) _eAutor |
|
| 245 | 1 | 0 |
_aEkologiczne następstwa odprowadzania ścieków przemysłowych zawierających metale ciężkie do ekosystemu mokradłowego rzeki Białej / _cWłodzimierz Wójcik. |
| 246 | 1 | 5 | _aEcological impacts of discharge of industrial wastewater containing heavy metals to the Biała river wetland |
| 260 |
_aKraków : _bWydawnictwa AGH, _c1997. |
||
| 300 |
_a111, [1] s., [1] k. tabl. złoż. : _bmapy, wykr. ; _c24 cm. |
||
| 336 |
_2rdacontent _aTekst _btxt |
||
| 337 |
_2rdamedia _aBez urządzenia pośredniczącego _bn |
||
| 338 |
_2rdacarrier _aWolumin _bnc |
||
| 380 | _aKsiążki | ||
| 380 | _aPublikacje naukowe | ||
| 388 | _a1901-2000 | ||
| 388 | _a1989-2000 | ||
| 490 | 1 |
_aRozprawy, Monografie / [Akademia Górniczo-Hutnicza im. Stanisława Staszica] = _aDissertations, Monographies, _x0867-6631 ; _v63 |
|
| 500 | _aTyt. równol. : Ecological impacts of discharge of industrial wastewater containing heavy metals to the Biała river wetland. | ||
| 504 | _aBibliogr. s. 103-[112]. | ||
| 546 | _aStreszcz. ang. | ||
| 650 | 7 |
_aBagna _2DBN |
|
| 650 | 7 | _aDegradacja środowiska | |
| 650 | 7 |
_aMetale ciężkie _2DBN |
|
| 650 | 7 |
_aŚcieki przemysłowe _2DBN |
|
| 650 | 7 | _aWpływ na środowisko | |
| 651 | 7 |
_aBiała (dopływ Białej Przemszy ; dolina) _2DBN |
|
| 651 | 7 | _aPolska | |
| 658 | _aOchrona środowiska | ||
| 658 | _aInżynieria i technika | ||
| 710 | 2 | _aWydawnictwa AGH | |
| 830 | 0 |
_aRozprawy, Monografie - Akademia Górniczo-Hutnicza im. Stanisława Staszica _v63 |
|
| 856 |
_uhttp://koha.tu.koszalin.pl/cgi-bin/koha/opac-detail.pl?biblionumber=38334 _yKatalog online BPK |
||
| 942 |
_2UKD _cKS |
||
| 999 |
_c38334 _d38334 |
||